000 00331 a2200145 4500
001 153615
040 _cEscola São Tomás de Aquino
100 _aGALDINO, Luiz
240 1 0 _aA maldição de Édipo
_lpor
245 1 0 _aA maldição de Édipo
362 0 _a1998
440 1 _aFTD
697 _a*LITERATURA JUVENIL
942 _cBK
999 _c153615
_d153615